000 00867nam a2200181 i 4500
001 154177
003 ES-MaACL
005 20230906205543.0
008 050711s1884 fr |||| | fre d
110 1 _aFrancia.
_bMinistère de l'Intérieur.
_9134396
245 1 0 _aRèglement général du service et du régime des prisons de courtes peines affectées a l'emprisonnement en commun (maisons d'arrét, de justice et de correction)
_b: procès-verbaux des séances de la deuxième commision chargée de l'étude du projec de règlement (1883-1884).
260 _aParis :
_b[s.n.],
_c1884 (
_fImp. Nouvelle)
300 _a337 p. ;
_c23 cm.
650 4 _aEstablecimientos penitenciarios-
_zFrancia.
_9143319
650 _aDerecho penitenciario-
_zFrancia.
_9141896
752 _aFrancia -
_dParís
852 _aES-MaACL
_jD-94
_z- Enc. hol.
_z. - Donativo de Lastres, 1907
999 _c154177
_d154177